000 01089cam a2200301 a 4500
999 _c127163
_d127163
001 4479378
003 ARRUPE
005 20171027091935.0
008 960605s1996 nyu 000 1 eng
010 _a 96156943
020 _a067943853X (hc.)
020 _a0140256369 (pbk.)
040 _aDLC
_cDLC
_dDLC
041 1 _aeng
_hspa
050 0 4 _aPR-203-1
082 0 0 _a863
_220
100 1 _aGarcía Márquez, Gabriel,
_d1927-2014.
_937327
240 1 0 _aDel amor y otros demonios.
_lEnglish
245 1 0 _aOf love and other demons /
_cGabriel García Márquez ; translated from the Spanish by Edith Grossman.
260 _aNew York, N.Y., U.S.A. :
_bPenguin Books,
_c1996.
300 _a147 p. ;
_c24 cm.
655 7 _aHistorical fiction.
_2gsafd
_937328
655 7 _aLove stories.
_2gsafd
_937329
700 1 _aGrossman, Edith,
_d1936-
_937330
906 _a7
_bcbc
_corignew
_d2
_encip
_f19
_gy-gencatlg
942 _2lcc
_cMONOGRAPH